Languages of Cyprus - Statistics

General Stats
  • This quiz has been taken 72 times
  • The average score is 4 of 7
Answer Stats
Percent Language % Correct
80 Greek
98%
4 English
84%
1 Arabic
80%
2 Russian
61%
2 Bulgarian
41%
2 Romanian
38%
1 Filipino
8%
No matching quizzes found
Score Distribution
Percent of People with Each Score
Percentile by Number Answered
Your Score History
You have not taken this quiz